Undergraduate analysis
Αποθηκεύτηκε σε:
| Κύριος συγγραφέας: | |
|---|---|
| Μορφή: | Βιβλίο |
| Γλώσσα: | English |
| Δημοσίευση: |
New York :
Springer-Verlag,
c1983
|
| Σειρά: | Undergraduate texts in mathematics
|
| Θέματα: | |
| Ετικέτες: |
Προσθήκη ετικέτας
Δεν υπάρχουν, Καταχωρήστε ετικέτα πρώτοι!
|
MARC
| LEADER | 00000cam a2200000 i 4500 | ||
|---|---|---|---|
| 001 | 1/31061 | ||
| 008 | 941103s1983 eng d | ||
| 020 | |a 0387908005 | ||
| 035 | |l 10038730 | ||
| 040 | |a GR-MY-UA |b gre |e aacr | ||
| 041 | 0 | |a eng | |
| 082 | 0 | |a 515. | |
| 100 | 1 | |a Lang, Serge |d 1927-2005. | |
| 245 | 1 | 0 | |a Undergraduate analysis / |c Serge Lang |
| 260 | |a New York : |b Springer-Verlag, |c c1983 | ||
| 300 | |a xiii, 545 p.; |b ill.; |c 24 cm | ||
| 490 | 1 | |a Undergraduate texts in mathematics | |
| 500 | |a Rev. ed. of: Analysis I. 1968 | ||
| 500 | |a Includes index | ||
| 650 | 0 | 0 | |a Mathematical analysis. |
| 830 | 0 | |a Undergraduate texts in mathematics | |
| 852 | |a INST |b SAMOS |e 19941103 |h 515 LAN |p 005300001861 |q 005300001861 |t BK |y 0 | ||
| 852 | |a INST |b SAMOS |e 19941103 |h 515 LAN |p 005300001862 |q 005300001862 |t BK |y 23 | ||
| 852 | |a INST |b SAMOS |e 19941103 |h 515 LAN |p 005300004472 |q 005300004472 |t BK |y 0 | ||
| 909 | |a Σ |b 009292 | ||
| 909 | |a Σ |b 025487 | ||
| 909 | |a Σ |b 025486 | ||